Представление документа в формате MARC21

ПолеНазваниеЗначение
  Тип записи a
  Библиографический уровень m
001 Контрольный номер RU/URAIT/582639
005 Дата корректировки 20260429163709.8
008 Кодируемые данные 260429s2026 RU y f j 000 0 rus u
020 Индекс ISBN __
a ISBN 978-5-534-18264-4
c Цена, тираж 2199.00
040 Источник каталогиз. __
a Служба первич. каталог. ИКО Юрайт
c Служба, преобразующая запись ИКО Юрайт
e Правила каталог. RCR
041 Код языка издания __
a Код языка текста rus
044 Код страны публикации __
a Код страны публикации RU
080 Индекс УДК __
a Индекс УДК 51(075.8)
084 Индекс другой классификации/Индекс ББК __
2 Источник индекса rubbk
a Индекс другой классификации/Индекс ББК 22.1я73
100 Автор __
a Автор Попов А. М.
q Полное имя Попов Александр Михайлович
245 Заглавие __
a Заглавие Теория вероятностей и математическая статистика
b Продолж. заглавия учебник и практикум для вузов
c Ответственность А. М. Попов, В. Н. Сотников ; под редакцией А. М. Попова.
250 Сведения об издании __
g пер. и доп
a Основные сведения об издании 3-е изд.
256 Характеристики компьютерного файла __
a Характеристики компьютерного файла Электрон. дан.
260 Выходные данные __
a Место издания Москва
b Издательство Юрайт
c Дата издания 2026
300 Физическое описание __
a Объем 425 с
440 Серия __
a Серия Высшее образование
500 Примечания __
a Примечание URL: https://urait.ru/bcode/582639 (дата обращения: 29.04.2026).
520 Аннотация __
a Аннотация Данный курс является частью обучающего комплекса, в который также входят издания «Высшая математика» и «Экономико математические методы и модели». Курс состоит из трех разделов: «Теория вероятностей», «Математическая статистика» и «Дискретная математика». В издании встречается большое количество примеров; в конце каждой темы приводятся вопросы и задачи. Завершают курс список литературы для углубленного изучения отдельных тем, а также справочный материал. Соответствует федеральному государственному образовательному стандарту высшего образования четвертого поколения. Для студентов вузов, обучающихся по экономическим направлениям и спецальностям.
538 Прим. о системных особенностях __
a Прим. о системных особенностях Режим доступа: Электронно-библиотечная система Юрайт, для авториз. пользователей
653 Ключевые слова __
a Ключевые слова Теория вероятностей и математическая статистика
653 Ключевые слова __
a Ключевые слова Математика и статистика
653 Ключевые слова __
a Ключевые слова Теория вероятностей и математическая статистика
653 Ключевые слова __
a Ключевые слова Математическая статистика
653 Ключевые слова __
a Ключевые слова Теория вероятностей
653 Ключевые слова __
a Ключевые слова Теория вероятностей и статистика
653 Ключевые слова __
a Ключевые слова Вероятность и статистика
653 Ключевые слова __
a Ключевые слова Дополнительные главы теории вероятностей и случайные процессы
653 Ключевые слова __
a Ключевые слова Введение в теорию вероятностей и математическую статистику
653 Ключевые слова __
a Ключевые слова Основы теории вероятностей и математическая статистика
653 Ключевые слова __
a Ключевые слова Теория вероятностей, математическая статистика, случайные процессы
653 Ключевые слова __
a Ключевые слова Теория вероятностей, математическая статистика и теория случайных процессов
653 Ключевые слова __
a Ключевые слова Введение в теорию вероятности и математическую статистику
653 Ключевые слова __
a Ключевые слова Математика. Теория вероятностей и математическая статистика
653 Ключевые слова __
a Ключевые слова Теория вероятностей и основы статистики
653 Ключевые слова __
a Ключевые слова Теория вероятности и математическая статистика
653 Ключевые слова __
a Ключевые слова Введение в теорию вероятностей
653 Ключевые слова __
a Ключевые слова Теория вероятности и математической статистики
653 Ключевые слова __
a Ключевые слова Теория вероятностей, математическая статистика и случайные процессы
653 Ключевые слова __
a Ключевые слова Основы математической статистики
653 Ключевые слова __
a Ключевые слова Прикладные задачи теории вероятностей и математическая статистика
653 Ключевые слова __
a Ключевые слова Прикладные задачи теории вероятностей и математической статистики
653 Ключевые слова __
a Ключевые слова Основы теории вероятности
653 Ключевые слова __
a Ключевые слова Основы теории вероятности и математической статистики
653 Ключевые слова __
a Ключевые слова Теория вероятности
653 Ключевые слова __
a Ключевые слова Введение в математическую статистику
653 Ключевые слова __
a Ключевые слова Основы теории вероятностей и математической статистики
653 Ключевые слова __
a Ключевые слова Теория вероятностей и математическая
653 Ключевые слова __
a Ключевые слова Программирование прикладных задач теории вероятностей и математической статистики
653 Ключевые слова __
a Ключевые слова Дополнительные главы теории вероятностей и математической статистики
653 Ключевые слова __
a Ключевые слова Теория вероятностей и теория случайных процессов
653 Ключевые слова __
a Ключевые слова Математическая статистика и теория вероятности
653 Ключевые слова __
a Ключевые слова Теория вероятности и случайных процессов
653 Ключевые слова __
a Ключевые слова Теория вероятностей. Математическая статистика
653 Ключевые слова __
a Ключевые слова Теория вероятности и МС
653 Ключевые слова __
a Ключевые слова Основы теории вероятностей и статистики
653 Ключевые слова __
a Ключевые слова Теория вероятностей и математическая статистика с элементами случайных процессов
653 Ключевые слова __
a Ключевые слова Теория вероятностей и случайные процессы в радиотехнике
653 Ключевые слова __
a Ключевые слова Теория вероятностей, математическая статистика, теория случайных процессов
653 Ключевые слова __
a Ключевые слова Основы теории вероятностей
653 Ключевые слова __
a Ключевые слова Математика: Теория вероятности и математическая статистика
653 Ключевые слова __
a Ключевые слова Углубленный курс статистических методов анализа
700 Другие авторы __
a Другие авторы Сотников В. Н.
q Полное имя Сотников Валерий Николаевич
856 Электронный адрес документа 40
n Местонахождение сервера Юрайт
g Электронная книга
q Тип электронного формата html
h Имя пользователя ЮРАЙТ
v Часы доступа к ресурсу 20271231
2 Способ доступа Показать документ
x Служебное примечание https://urait.ru/book/cover/EBCB8508-B21F-468E-838B-C9E342D43EBF
u URL https://urait.ru/bcode/582639
856 Электронный адрес документа 48
q Тип электронного формата cover
u URL https://urait.ru/book/cover/EBCB8508-B21F-468E-838B-C9E342D43EBF
911 __
u 0030=https://urait.ru/bcode/582639
911 __
u 073a=9785534182644
u 073d=2199.00
911 __
u 106a=s
911 __
u 900l=
952 Тип литературы __
i Дисциплина Теория вероятностей и математическая статистика
952 Тип литературы __
i Дисциплина Математическая статистика
952 Тип литературы __
i Дисциплина Теория вероятностей
952 Тип литературы __
i Дисциплина Теория вероятностей и статистика
952 Тип литературы __
i Дисциплина Вероятность и статистика
952 Тип литературы __
i Дисциплина Дополнительные главы теории вероятностей и случайные процессы
952 Тип литературы __
i Дисциплина Введение в теорию вероятностей и математическую статистику
952 Тип литературы __
i Дисциплина Основы теории вероятностей и математическая статистика
952 Тип литературы __
i Дисциплина Теория вероятностей, математическая статистика, случайные процессы
952 Тип литературы __
i Дисциплина Теория вероятностей, математическая статистика и теория случайных процессов
952 Тип литературы __
i Дисциплина Введение в теорию вероятности и математическую статистику
952 Тип литературы __
i Дисциплина Математика. Теория вероятностей и математическая статистика
952 Тип литературы __
i Дисциплина Теория вероятностей и основы статистики
952 Тип литературы __
i Дисциплина Теория вероятности и математическая статистика
952 Тип литературы __
i Дисциплина Введение в теорию вероятностей
952 Тип литературы __
i Дисциплина Теория вероятности и математической статистики
952 Тип литературы __
i Дисциплина Теория вероятностей, математическая статистика и случайные процессы
952 Тип литературы __
i Дисциплина Основы математической статистики
952 Тип литературы __
i Дисциплина Прикладные задачи теории вероятностей и математическая статистика
952 Тип литературы __
i Дисциплина Прикладные задачи теории вероятностей и математической статистики
952 Тип литературы __
i Дисциплина Основы теории вероятности
952 Тип литературы __
i Дисциплина Основы теории вероятности и математической статистики
952 Тип литературы __
i Дисциплина Теория вероятности
952 Тип литературы __
i Дисциплина Введение в математическую статистику
952 Тип литературы __
i Дисциплина Основы теории вероятностей и математической статистики
952 Тип литературы __
i Дисциплина Теория вероятностей и математическая
952 Тип литературы __
i Дисциплина Программирование прикладных задач теории вероятностей и математической статистики
952 Тип литературы __
i Дисциплина Дополнительные главы теории вероятностей и математической статистики
952 Тип литературы __
i Дисциплина Теория вероятностей и теория случайных процессов
952 Тип литературы __
i Дисциплина Математическая статистика и теория вероятности
952 Тип литературы __
i Дисциплина Теория вероятности и случайных процессов
952 Тип литературы __
i Дисциплина Теория вероятностей. Математическая статистика
952 Тип литературы __
i Дисциплина Теория вероятности и МС
952 Тип литературы __
i Дисциплина Основы теории вероятностей и статистики
952 Тип литературы __
i Дисциплина Теория вероятностей и математическая статистика с элементами случайных процессов
952 Тип литературы __
i Дисциплина Теория вероятностей и случайные процессы в радиотехнике
952 Тип литературы __
i Дисциплина Теория вероятностей, математическая статистика, теория случайных процессов
952 Тип литературы __
i Дисциплина Основы теории вероятностей
952 Тип литературы __
i Дисциплина Математика: Теория вероятности и математическая статистика
952 Тип литературы __
i Дисциплина Углубленный курс статистических методов анализа